| 000 | 00491nam a22001577a 4500 | ||
|---|---|---|---|
| 005 | 20240110113905.0 | ||
| 008 | 190911b xxu||||| |||| 00| 0 eng d | ||
| 020 | _a978-93-86084-79-8 | ||
| 041 | _aeng | ||
| 100 |
_aGUPTA, DR. G.D. SHARMA, DR. SHAILESH AND SINGH, HARSIMRAN _98375 |
||
| 245 | _aPRACTICAL MANUAL OF HUMAN ANATOMY AND PHYSIOLOGY:for first year diploma pharmacy students | ||
| 260 |
_aNIRALI PRAKASHAN _bPUNE |
||
| 300 | _a86p, | ||
| 650 |
_aPHARMACY _xB.PHARMA |
||
| 942 | _cBK | ||
| 999 |
_c5982 _d5980 |
||